Statistieken voor Top 15 Covid-19 getroffen landen - 27 juni

Klik hier om de quiz te nemen!

Algemene statistieken

  • Deze quiz is 3 keer genomen
  • De gemiddelde score is 10 van 26

Antwoordstatistieken

land% Correct
België
100%
Italië
100%
Rusland
100%
Spanje
100%
Verenigde Staten
100%
Duitsland
67%
Mexico
67%
Verenigd Koninkrijk
67%
Brazilië
33%
Chili
33%
Chili
33%
India
33%
Peru
33%
Saoedi-Arabië
33%
Singapore
33%
Turkije
33%
Wit-Rusland
33%
Zweden
33%
Armenië
0%
Bahrein
0%
Iran
0%
Koeweit
0%
Oman
0%
Pakistan
0%
Panama
0%
Qatar
0%

Scoreverdeling

Percentiel versus Aantal Correcte Antwoorden

Procent van Mensen met Elke Score

Uw Scoregeschiedenis

U heeft deze quiz nog niet genomen